000
00260nam a22001217a 4500
008
170920b xxu||||| |||| 00| 0 eng d
041
_a
eng
080
_a
7
100
_a
45
101
_a
ART
245
_a
THE STORY OF PAINTING
_c
JANSON,H,.W
942
_2
udc
_c
BK
999
_c
28422
_d
28422